Аудит качества: учебное пособие

Sonraí bibleagrafaíochta
Príomhchruthaitheoir: Сажин Ю. В.
Rannpháirtithe: Плетнева Н. П.
Achoimre:Учебное пособие разработано с учетом современного этапа реформирования российской экономики, заключающегося в переходе от фрагментарного решения отдельных вопросов к комплексному использованию существующей методологии менеджмента качества, связанной с планированием, подготовкой и проведением аудитов качества и анализом их результатов. Для студентов, получающих высшее профессиональное образование в области экономики и изучающих дисциплины «Управление качеством», «Системы менеджмента качества», «Статистические методы управления качеством», «Аудит качества».
Teanga:Rúisis
Foilsithe / Cruthaithe: Москва, Инфра-М, 2014
Sraith:Высшее образование. Бакалавриат
Ábhair:
Formáid: MixedMaterials LEABHAR
KOHA link:https://koha.lib.tpu.ru/cgi-bin/koha/opac-detail.pl?biblionumber=269791

MARC

LEADER 00000nam0a2200000 4500
001 269791
005 20231101234304.0
010 |a 9785160090108 
035 |a (RuTPU)RU\TPU\book\292969 
090 |a 269791 
100 |a 20140922d2014 m y0rusy50 ca 
101 0 |a rus 
102 |a RU 
105 |a a j 001zy 
200 1 |a Аудит качества  |e учебное пособие  |f Ю. В. Сажин, Н. П. Плетнева 
210 |a Москва  |c Инфра-М  |d 2014 
215 |a 112 с.  |c ил. 
225 1 |a Высшее образование. Бакалавриат 
320 |a Библиогр.: с. 109-111. 
330 |a Учебное пособие разработано с учетом современного этапа реформирования российской экономики, заключающегося в переходе от фрагментарного решения отдельных вопросов к комплексному использованию существующей методологии менеджмента качества, связанной с планированием, подготовкой и проведением аудитов качества и анализом их результатов. Для студентов, получающих высшее профессиональное образование в области экономики и изучающих дисциплины «Управление качеством», «Системы менеджмента качества», «Статистические методы управления качеством», «Аудит качества». 
606 1 |a Аудит  |2 stltpush  |3 (RuTPU)RU\TPU\subj\29811  |9 53071 
610 1 |a качество 
610 1 |a теория 
610 1 |a терминология 
610 1 |a СМК 
610 1 |a процессный подход 
610 1 |a терминология 
610 1 |a документационное обеспечение 
610 1 |a методология 
610 1 |a подготовка 
610 1 |a стандарты ИСО 
610 1 |a учебные пособия 
675 |a 657.6(075.8)  |v 3 
700 1 |a Сажин  |b Ю. В. 
701 1 |a Плетнева  |b Н. П. 
801 1 |a RU  |b 63413507  |c 20140922 
801 2 |a RU  |b 63413507  |c 20150707  |g RCR 
900 |a Управление качеством 
900 |a Менеджмент качества 
900 |a Статистические методы в управлении качеством 
900 |a Аудит качества 
942 |c BK 
951 |a 521600  |b 080100  |l 8.1 
955 |a 521600  |b 080100  |l 8.1 
959 |a 130/20140919  |d 2  |e 119,90  |f ЧЗГЛ:1  |f АНЛ:1